[Event "Almunecar FEDC op 21th"]
[Site "Almunecar"]
[Date "2018.10.05"]
[Round "4"]
[White "Balmiza Jimenez, Francisco"]
[Black "Gonzalez Jimenez, Juan Jose"]
[Result "1-0"]
[WhiteElo "1702"]
[BlackElo "1479"]
[PlyCount "51"]
[EventDate "2018.10.02"]
[EventType "swiss"]
[EventRounds "7"]
[EventCountry "ESP"]
[SourceTitle "EXT 2024"]
[Source "ChessBase"]
[SourceDate "2023.10.10"]
[SourceVersion "1"]
[SourceVersionDate "2023.10.10"]
[SourceQuality "1"]

1. d4 f5 2. h3 Nf6 3. g4 fxg4 4. hxg4 Nxg4 5. Qd3 Nf6 6. Rxh7 d6 7. Qg6+ Kd7 8. Rxh8 c6 9. Bh3+ Kc7 10. Bxc8 Qxc8 11. Nd2 Nbd7 12. Ne4 Nxe4 13. Qxe4 Qe8 14. Bg5 Qf7 15. Nf3 Re8 16. a3 Nf6 17. Qd3 d5 18. 0-0-0 Ne4 19. Be3 g6 20. Rdh1 Bg7 21. Rxe8 Qxe8 22. Ng5 Kc8 23. Nxe4 dxe4 24. Qxe4 Qf7 25. Kb1 Qf6 26. Rg1 1-0

[Event "Almunecar FEDC op 21th"]
[Site "Almunecar"]
[Date "2018.10.04"]
[Round "3"]
[White "Garcia Cervigon, Cecilio"]
[Black "Gonzalez Jimenez, Juan Jose"]
[Result "1-0"]
[WhiteElo "1705"]
[BlackElo "1479"]
[PlyCount "51"]
[EventDate "2018.10.02"]
[EventType "swiss"]
[EventRounds "7"]
[EventCountry "ESP"]
[SourceTitle "EXT 2024"]
[Source "ChessBase"]
[SourceDate "2023.10.10"]
[SourceVersion "1"]
[SourceVersionDate "2023.10.10"]
[SourceQuality "1"]

1. d4 f5 2. e4 Nf6 3. exf5 d6 4. Bd3 Nc6 5. c3 e6 6. fxe6 Bxe6 7. Bg5 Be7 8. Qe2 Qd7 9. Bxf6 gxf6 10. Nh3 Bxh3 11. Qh5+ Kd8 12. gxh3 Qe6+ 13. Be2 Na5 14. Qxa5 Qe4 15. Rg1 Re8 16. Nd2 Qe6 17. Rg3 Bf8 18. Re3 Qf7 19. Qh5 Qd7 20. Rxe8+ Qxe8 21. Qxe8+ Kxe8 22. 0-0-0 Kd7 23. Bg4+ Kc6 24. Re1 b6 25. Bf3+ d5 26. Re6+ 1-0